| 000 | 01603cam a2200169 4500500 | ||
|---|---|---|---|
| 005 | 20260208010637.0 | ||
| 041 | _afre | ||
| 042 | _adc | ||
| 100 | 1 | 0 |
_aGabaude, Jean-Marc _eauthor |
| 245 | 0 | 0 | _aGilles Dowek, Les métamorphoses du calcul. Une étonnante histoire de mathématiques, Paris, Le Pommier, 2007, 228 p., 22 E. |
| 260 | _c2008. | ||
| 500 | _a76 | ||
| 520 | _aLe cerveau, simulateur dans tous ses étatsChez les animaux, le système nerveux permet de simuler les actions et les contraintes de l’environnement. Le cerveau humain dépasse cette simulation du monde physique. « Humien par construction », puisqu’il sépare ses activités dans deux hémisphères cérébraux, il peut aussi simuler « à vide » des langages complexes, des êtres mathématiques, des images et des « mondes » imaginaires, des artifices et des tricheries. | ||
| 520 | _aLe cerveau, simulateur dans tous ses étatsThe central nervous system in animals can simulate actions and obey environmental constraints, but in humans the brain goes beyond basic simulation of the physical world. It is « Humean » by its very construct, with activities divided and allocated to one of the two halves of the brain. And it can simulate operations, doing a « dry run » to simulate complex languages, mathematical entities, images or imaginary realms, to simulate artifice or deception. | ||
| 786 | 0 | _nRevue philosophique de la France et de l'étranger | 133 | 3 | 2008-09-11 | p. 355d-384d | 0035-3833 | |
| 856 | 4 | 1 | _uhttps://shs.cairn.info/revue-philosophique-2008-3-page-355d?lang=fr&redirect-ssocas=7080 |
| 999 |
_c1657524 _d1657524 |
||